Obálka Náhled e-knihy:
Epub
Pro půjčování e-knih musíte být přihlášeni.
Jak si půjčit online?

Pokušení /

Podle staré legendy dostala kdysi dávno jedna šlechtická dcera krásný dárek od samotné císařovny – malinkatou dřevěnou sošku Panny Marie. Vyřezávána byla z voňavého, růžového dřeva. Tak si ji princezna zamilovala, že když jednou o ni přišla, nebyl její pláč k utišení. Jaké to bylo ale překvapení, kd...

Celý popis

Uloženo v:
Hlavní autor: Svoboda, František Xaver (Autor)
Médium: E-kniha
Jazyk:Czech
Vydáno: Praha : Saga Egmont, 2019
Tagy:
Žádné tagy
LEADER 02243nam a22002297i 4500
001 312002
007 ta
008 260601s2019 xr ||||| |||| 00| 0 cze d
020 |a 9990003807588 
044 |a xr 
100 1 |a  Svoboda, František Xaver  |4 aut 
245 1 0 |a Pokušení /  |c  Svoboda, František Xaver 
264 1 |a Praha :  |b Saga Egmont,  |c 2019 
300 |a 1 online zdroj (452 stran) 
336 |a text  |b txt  |2 rdacontent 
337 |a bez média  |b n  |2 rdamedia 
338 |a online zdroj  |b cr  |2 rdacarrier 
520 2 |a Podle staré legendy dostala kdysi dávno jedna šlechtická dcera krásný dárek od samotné císařovny – malinkatou dřevěnou sošku Panny Marie. Vyřezávána byla z voňavého, růžového dřeva. Tak si ji princezna zamilovala, že když jednou o ni přišla, nebyl její pláč k utišení. Jaké to bylo ale překvapení, když nalezla kopičku malých dřívek na svém stole – byla to ona soška rozebraná na kousíčky. Dřívka ji přinesli ptáčci, které princezna tak ráda krmila, aby potěšili svou dobroditelku. Umným mistrům podařilo se sošku zase zrekonstruovat, jen jeden poslední dílek se nenašel. Když najednou vypíše anglický gentleman velkou finanční odměnu, pro toho, komu se podaří chybějící dřívko nalézti, ožívá tato legenda novým životem. Rázem jsou jako v horečce lidé, kteří touží proniknout do starého příběhu a být přitom bohatě odměněni. I Sylva se svým bratrem Jeníkem propadne horečnému blouznění a vydává se po stopách dřívka, které prozatím vedou do různých kostelů. Cesta je zavede až ke kostelu svatého Antonína k faráři Doušovi, kde se Sylvě podaří na nějaký čas usadit. Na faře se pojednou k touze nalézti kýžený poklad přidávají další touhy a pokušení, se kterými se v počátku nedalo úplně počítat. 
910 |a RBIT002 
998 |d 380758  |a https://core.palmknihy.cz/api/books/380758/cover?s4628i  |b https://core.palmknihy.cz/api/books/380758/cover/400?s4628i  |c https://core.palmknihy.cz/api/books/380758/cover/50?s4628i  |e   |g 452  |i 9990003807588  |j https://core.palmknihy.cz/api/books/380758/preview.epub  |l   |q 49  |r 1  |s https://www.palmknihy.cz/kniha/380758  |t ebook  |y 2019  |z 1 
999 |d 312000